000 00842nam a22001815i 4500
001 153250
003 ES-MaACL
005 20230906205106.0
008 040903s1843 fr |||| | fre d
110 2 _aConseil Central de Salubrité du Département de la Gironde.
_9134295
245 1 0 _aCollection des rapports du Conseil Central de Salubrité du départment de la Gironde pour les années 1841 et 1842 /
_cmis en ordre par Léon Marchant.
260 _aBordeaux :
_b[s.n.],
_c1843 (
_fImp. de Lavigne)
300 _a66 p. ;
_c20 cm.
650 4 _aSalubridad pública-
_zFrancia.
_9172601
700 1 _aMarchant, Léon.
_9129450
852 _aES-MaACL
_jR-1366(1)
_z- Enc. hol.
_z- Enc. en un vol. facticio
_z- Donat. Mateo Seoane
852 _aES-MaACL
_jR-1371(5)
_z- Enc. hol.
_z- Enc. en un vol. facticio
_z- Donat. Mateo Seoane
999 _c153250
_d153250